Statistics for 2017 Formula One drivers

Click here to take the quiz!

General Stats

  • This quiz has been taken 26 times
  • The average score is 21 of 25

Answer Stats

TeamMain Driver NumberCountry of OriginDriver's Name% Correct
Mercedes44United KingdomLewis Hamilton
100%
Ferrari5GermanySebastian Vettel
100%
Red Bull3AustraliaDaniel Ricciardo
100%
Mercedes77FinlandValtteri Bottas
100%
Toro Rosso26RussiaDaniil Kvyat
96%
Red Bull33NetherlandsMax Verstappen
96%
Force India11MexicoSergio Perez
96%
McLaren14SpainFernando Alonso
91%
Toro Rosso -> Renault55SpainCarlos Sainz
91%
Ferrari7FinlandKimi Raikkonen
91%
Haas20DenmarkKevin Magnussen
87%
Williams19BrazilFelipe Massa
87%
Renault27GermanyNico Hulkenberg
87%
Force India31FranceEsteban Ocon
87%
Williams18CanadaLance Stroll
87%
Haas8FranceRomain Grosjean
87%
Renault30United KingdomJolyon Palmer
83%
McLaren22United KingdomJenson Button
83%
McLaren2BelgiumStoffel Vandoorne
78%
Toro Rosso10FrancePierre Gasly
74%
Sauber9SwedenMarcus Ericsson
65%
Sauber94GermanyPascal Wehrlein
65%
Toro Rosso28New ZealandBrendon Hartley
61%
Sauber36ItalyAntonio Giovinazzi
57%
Williams40United KingdomPaul Di Resta
52%

Score Distribution

Percentile by Number Answered

Percent of People with Each Score

Your Score History

You have not taken this quiz